MDQL
is popping MORE tags! Check the
thread
!
Quizzes
Events
Quiz Creation
Community
Videos
Private Events
Remove Ads
Sign In
Join for FREE
Feedback
Dark Mode
Quiz Categories
Sports
Geography
Music
Movies
Television
Just For Fun
Miscellaneous
History
Literature
Language
Science
Gaming
Entertainment
Religion
Holiday
For Kids
Quiz Lab
Recent
Popular Today
Quiz Kudos Today
Editor Picks
Curator Picks
Quizzes by...
Day
Popularity
Type
Ratings
Length
Year
Community
Subscriptions
Recent Discussions
Orange Saloon
Badges
Playlists
Quests
Create
Leaderboards
Showdown
Live 5
Trivia Bingo
Activity
Puzzle Library
Sporcle Events
Private Events
Virtual Trivia
Globe League
Become a Host
Pub Owners
SporcleCon
Opinionation
Our Games
Videos
Blog
Mobile Apps
Partnerships
Remove Ads and Go Orange
Feedback
Sports
Athletes
MLB
NBA
NHL
NFL
Soccer
Sports Teams
WWE
NCAA
Football
Premier League
Basketball
Baseball
Hockey
Golf
Tennis
Cricket
Rugby
Auto Racing
Olympics
World Cup
Sports
Athletes
MLB
NBA
NHL
NFL
Soccer
Sports Teams
WWE
NCAA
Football
Premier League
Basketball
Baseball
Hockey
Golf
Tennis
Cricket
Rugby
Auto Racing
Olympics
World Cup
Random Quiz
Search Sporcle
×
Quiz Lab
Quiz Lab
Sports
bret
Type in answers that appear in a list
Type in answers that appear in a list
Classic
Best Score? Go Orange.
Wwf/e ppv opponents of Bret Hart Stats
Can you name the wwf/e ppv opponents of Bret Hart?
By
flybird1987
20m
118 Questions
148 Plays
148 Plays
148 Plays
Comments
Comments
Give Quiz Kudos
Give Quiz Kudos
-
- Ratings
hide this ad
More Info
Replay
Link that replays current quiz
Next Quiz
Link to next quiz in quiz playlist
You Got
0%
They Got
Avg Score
84%
Avg Friend Score
Upgrade to see
Score Distribution
Jump to the score distribution portion of the page
Score
0/118
Timer
20:00
0
Plays Today
ppv
opponent
% Correct
92 Survivor Series
Shawn Michaels
99.3%
93 Survivor Series
Shawn Michaels
99.3%
Wrestlemania XII
Shawn Michaels
99.3%
97 Survivor Series
Shawn Michaels
99.3%
90 Survivor Series
The Undertaker
98.6%
91 Royal Rumble
The Undertaker
98.6%
96 Royal Rumble
The Undertaker
98.6%
Final Four
The Undertaker
98.6%
97 SummerSlam
The Undertaker
98.6%
One Night Only
The Undertaker
98.6%
96 Survivor Series
Steve Austin
98%
97 Royal Rumble
Steve Austin
98%
Final Four
Steve Austin
98%
Wrestlemania XIII
Steve Austin
98%
Revenge of the Taker
Steve Austin
98%
Canadian Stampede
Steve Austin
98%
Wrestlemania X
Owen Hart
97.3%
94 SummerSlam
Owen Hart
97.3%
Wrestlemania III
British Bulldog
96.6%
87 Survivor Series
British Bulldog
96.6%
92 SummerSlam
British Bulldog
96.6%
Seasons Beatings
British Bulldog
96.6%
94 King of the Ring
Diesel
95.9%
95 Royal Rumble
Diesel
95.9%
95 Survivor Series
Diesel
95.9%
In Your House 6
Diesel
95.9%
Wrestlemania II
Andre the Giant
94.6%
88 SummerSlam
Ax
93.2%
88 Survivor Series
Ax
93.2%
93 SummerSlam
Jerry Lawler
93.2%
In Your House 1
Jerry Lawler
93.2%
95 King of the Ring
Jerry Lawler
93.2%
88SummerSlam
Smash
92.6%
88 Survivor Series
Smash
92.6%
90 SummerSlam
Smash
92.6%
Wrestlemania III
Dynamite Kid
91.2%
87 Survivor Series
Dynamite Kid
91.2%
Wrestlemania IX
Yokozuna
91.2%
Wrestlemania X
Yokozuna
91.2%
94 Survivor Series
Bob Backlund
91.2%
ppv
opponent
% Correct
Wrestlemania XI
Bob Backlund
91.2%
Wrestlemania XXVI
Vince McMahon
91.2%
90 Survivor Series
Ted DiBiase
90.5%
91 SummerSlam
Mr. Perfect
90.5%
91 Survivor Series
Ted DiBiase
90.5%
93 King of the Ring
Mr. Perfect
90.5%
Canadian Stampede
Animal
89.9%
Canadian Stampede
Hawk
89.9%
90 SummerSlam
Crush
89.2%
Wrestlemania VIII
Roddy Piper
89.2%
Final Four
Vader
89.2%
Badd Blood
Vader
89.2%
95 SummerSlam
Isaac Yankeem
88.5%
93 Royal Rumble
Razor Ramon
87.8%
93 King of the Ring
Razor Ramon
87.8%
94 Royal Rumble
Lex Luger
87.8%
It's Time
Sid Vicious
87.8%
Wrestlemania III
Tito Santana
87.2%
87 Survivor Series
Tito Santana
87.2%
Wrestlemania V
Honky Tonk Man
87.2%
90 Survivor Series
Honky Tonk Man
87.2%
91 Survivor Series
The Mountie
87.2%
Wrestlemania V
Greg Valentine
86.5%
89 Survivor Series
Greg Valentine
86.5%
90 Survivor Series
Greg Valentine
86.5%
94 Royal Rumble
Jacques
86.1%
87 Survivor Series
Rick Martel
84.5%
93 King of the Ring
Bam Bam Bigelow
84.5%
91 Survivor Series
The Warlord
82.4%
Canadian Stampede
Goldust
82.4%
Wrestlemania VII
Jerry Sags
81.8%
91 Survivor Series
Ric Flair
81.1%
89 Survivor Series
Randy Savage
80.4%
Wrestlemania VII
Brian Knobs
80.4%
Wrestlemania IV
Bad News Brown
79.7%
94 Royal Rubmle
Pierre
79.1%
Canadian Stampede
Ken Shamrock
79.1%
10 SummerSlam
Wade Barrett
79.1%
87 Survivor Series
Paul Roma
77%
93 SummerSlam
Doink the Clown
77%
ppv
opponent
% Correct
87 Survivor Series
Raymond Rougeau
76.4%
88 Survivor Series
Raymond Rougeau
76.4%
89 Royal Rumble
Raymond Rougeau
76.4%
87 Survivor Series
Jacques Rougeau
75.7%
88 Survivor Series
Jacques Rougeau
75.7%
89 Royal Rumble
Jacques Rougeau
75.7%
10 SummerSlam
Heath Slater
75%
Ground Zero
The Patriot
74.3%
Badd Blood
The Patriot
74.3%
88 Survivor Series
Arn Anderson
73.6%
88 Survivor Series
Nikolai Volkoff
73.6%
89 SummerSlam
Arn Anderson
73.6%
Wrestlemania VI
Nikolai Volkoff
73.6%
In Your House 1
Hakushi
73.6%
10 SummerSlam
David Otunga
73.6%
This Tuesday in Texas
Skinner
73%
93 Survivor Series
Blue Knight
73%
93 Survivor Series
Red Knight
73%
93 Survivor Series
Black Knight
73%
10 SummerSlam
Skip Sheffield
73%
89 Royal Rumble
Dino Bravo
72.3%
89 Survivor Series
Earthquake
72.3%
89 Survivor Series
Dino Bravo
72.3%
In Your House 3
Jean-Pierre Lafitte
72.3%
88 Survivor Series
Tully Blanchard
71.6%
89 SummerSlam
Tully Blanchard
71.6%
10 SummerSlam
Justin Gabriel
71.6%
87 Survivor Series
Jim Brunzell
70.3%
87 Survivor Series
Jim Powers
69.6%
87 Survivor Series
Brian Blair
69.6%
90 Royal Rumble
Dusty Rhodes
69.6%
10 SummerSlam
Michael Tarver
64.9%
88 Survivor Series
Boris Zhukov
64.2%
Wrestlamania VI
Boris Zhukov
64.2%
10 SummerSlam
Darren Young
63.5%
88 Survivor Series
Uno
56.8%
88 Survivor Series
Dos
56.8%
88 Royal Rumble
Don Muraco
45.3%
Quiz Playlist
Details
Report
Send in Message
Add To Playlist
More Info:
Dosen't inclued dark matches
Classic:
Type in answers that appear in a list
Last Updated: Jun 20, 2017
Quiz Scoreboard
CHALLENGE
Sign Up to Join the Scoreboard
Show All
Scores
Hide
Comments
May contain spoilers
Recently Published
Street Fighter Characters
by Artimus82
Gaming
60s
9x9 Crossword: Cartoon Network
by jackfrog10
Miscellaneous
3m
College Basketball Coaching Resumes
by pancakes188
Sports
9m
More to Explore
Quiz From the Vault
Featured Blog Post
Where Did the Easter Bunny Come From?
hide this ad
You Might Also Like...
Tags
bret
brethart
hart
Matching
opponent
PPV
WWF
Today's Top Quizzes in Sports
Browse Sports
hide this ad
Top Contributed Quizzes in Sports
1
2022 World Cup Stars
2
Les meilleurs buteurs des matchs entre le PSG et l’OM
3
FIFA Club World Cup Champions
4
Les entraîneurs de l'OM et du PSG au 21e siècle
5
Criteria MLB: Left Handed Sluggers
6
2023 MLB Unique Player Accomplishments
7
AFC Teams Reveal (Wrong Answers Minefield)
8
5-to-1: FBS Animal Nicknames
9
Players with Multiple 50 Home Run Seasons
10
5-to-1: UK Sports Teams
Explore More
Trending Topics
Marvel
NBA
Kpop
Harry Potter
Anime
Crossword
Disney
Pokémon
Puzzle
Soccer
Song
The Office
Country
WWE
NFL
hide this ad
More By:
flybird1987
Quiz
Plays
Rating
Category
Featured
Created
Wrestlemania Winners 21-39
899
4.00
Sports
Apr 11, 2013
WWE HOF competing at Wrestlemania
552
5.00
Sports
Mar 8, 2016
Wrestlemania Winners 1-20
421
3.25
Sports
Apr 11, 2013
WWE HOF Wrestlemania Opponents
364
4.60
Sports
Mar 7, 2016
NHL 2010/11 Point leaders per team
223
5.00
Sports
May 13, 2011
Go to Creator's Profile
Score Distribution
Quiz Creator Spotlight
flybird1987
Follow
Send a Message
Quizzes Created
-
Created Quiz Play Count
-
More By This Creator
Popular Quizzes Today
1
Find the US States - No Outlines Minefield
2
Find the Countries of Europe - No Outlines Minefield
3
The Countries of the World
4
Find the US States
5
Risky Map Clicking: Biggest States A-Z
6
US States
7
Popular People in 1961
8
Movies - When Are They Set?
More Sports Quizzes
100+ Defender with Most Champions League Appearances
Quiz Lab
Trending Quizzes
Risky Map Clicking: Least Populous States A-Z
Countries of the World: 200 Million BC
1-10 Letter G Words
Risky Map Clicking: Next State Alphabetically
Adjectives in 80s TV Shows
Recently Updated
Leaping Animals
pecheneg
Reality TV Shows (A-Z)
bhenderson79
Rickey Henderson's Hall of Fame Teammates
pecheneg
Champions League XIs: Arsenal
pecheneg
Quick Pick: Celebrities in WWE's Hall of Fame
aduchscher
A-Z Keypad Blitz II
pecheneg
Multiple Oscar Actors
pecheneg
Mystery Phrase Blitz: Oscar 'Best Actors'
pecheneg
F. Scott Fitzgerald Novels
LTH
Pick 3 Villains
ddd62291
Trending Topics
Harry Potter
NBA
Disney
Crossword
Anime
Kpop
Marvel
Country
Puzzle
Song
NFL
The Office
Soccer
WWE
Pokémon
Your Account Isn't Verified!
In order to create a playlist on Sporcle, you need to verify the email address you used during registration. Go to your
Sporcle Settings
to finish the process.
Report this User
Report this user for behavior that violates our
Community Guidelines
.
Details:
Send Report
Go to the Sporcle.com Mobile Site →
Comments